000 00962nmm a2200289 a 4500
001 ocm000714359
003 TR-IsHL
005 20201028154315.0
008 150709s2004 tu tur
007 cr cn
035 _a714359
_b(N$T)
050 0 4 _aGV204.T9
_bD64 2004
090 0 4 _aGV204.T9
_bD64 2004
245 1 0 _aDoğu Anadoluda kış olimpiyatları
_h[electronic resource] /
_chaz. Selçuk Tayfun Ok
250 _a1. bs.
260 _aİstanbul :
_bİstanbul Ticaret Odası,
_c2004
300 _a160 p.
650 4 _aEkonomi ve Finans
650 4 _aEconomics and Finance
650 0 _aSpor
_x Türkiye
650 0 _aSports
_x Turkey
650 0 _aOlimpiyatlar
_x Doğu Anadolu Bölgesi
650 0 _aWinter Olympics
_x Eastern Anatolia
650 7 _aSPORTS & RECREATION / Winter Sports
_2bisacsh
700 1 _aOk, Selçuk Tayfun
856 4 0 _uhttp://search.ebscohost.com/login.aspx?direct=true&scope=site&db=e011xww&AN=714359
999 _c12508
_d12508